000 00984cab a2200241 4500
001 X3105
008 090401t1996 xxu||||| |||| 00| 0 eng d
035 _a(Sirsi) u28471
041 _aeng
245 _aRavebuild Ltd v SoS Environment and Hammersmith and Fulham LBC
260 _c1996
350 _a0
490 _aJournal of Planning and Environment Law
_v1996 JPL 107--112(6)
520 _aQBD 21 November 1994. Outline planning application. Erection of an hotel.l. Material considereation. Recommendation of local plan Inspector. full import of Council`s response to local plan Inspector`s recommendaion. Jeantwill Ltd distinguished. Decision quashed. (Take from Abstract headnote).
650 _aCHANGE OF USE
650 _aHOTELS
650 _aMATERIAL CONSIDERATION
650 _aPLANNING APPLICATIONS
650 _aRAVEBUILD V SOS ENVIRONEMTN AND HAMMERSMITH AND FULHAM LBC
690 _aPLANNING LAW AND PRACTICE-CASE LAW
942 _n0
948 _c04/03/1997
999 _c19165
_d19165